[Event "Ohrid Lasker U20 op"]
[Site "Ohrid"]
[Date "2018.10.13"]
[Round "6"]
[White "Lazovski, Kristijan"]
[Black "Eftovski, Mateo"]
[Result "0-1"]
[WhiteElo "1034"]
[BlackElo "1619"]
[PlyCount "74"]
[EventDate "2018.10.11"]
[EventType "swiss"]
[EventRounds "7"]
[EventCountry "MKD"]
[SourceTitle "CBM 186 Extra"]
[Source "ChessBase"]
[SourceDate "2018.08.24"]
[SourceVersion "1"]
[SourceVersionDate "2018.08.24"]
[SourceQuality "1"]

1. e4 d5 2. exd5 Qxd5 3. Nc3 Qa5 4. Nf3 c6 5. d4 Bg4 6. Bc4 e6 7. a3 Nf6 8. Qe2 Bd6 9. h3 Bh5 10. 0-0 Nbd7 11. Be3 0-0 12. b4 Qc7 13. Rfe1 e5 14. Rad1 e4 15. d5 exf3 16. gxf3 Ne5 17. Kf1 Bxf3 18. Qd2 Nxc4 19. Qd3 Nxe3+ 20. Qxe3 Bxd1 21. Rxd1 cxd5 22. Nxd5 Nxd5 23. Rxd5 Qc4+ 24. Rd3 Rfe8 25. Qg5 Qe4 26. Rxd6 Qh1+ 27. Qg1 Re1+ 28. Kxe1 Qxg1+ 29. Ke2 Re8+ 30. Kf3 Qh1+ 31. Kg3 h5 32. h4 Re4 33. Rd8+ Kh7 34. f4 Re3+ 35. Kf2 Rf3+ 36. Ke2 Qg2+ 37. Kd1 Rf1# 0-1

[Event "Ohrid Lasker U20 op"]
[Site "Ohrid"]
[Date "2018.10.11"]
[Round "2"]
[White "Lazovski, Kristijan"]
[Black "Zrmanovska, Mihaela"]
[Result "0-1"]
[WhiteElo "1034"]
[BlackElo "1354"]
[PlyCount "102"]
[EventDate "2018.10.11"]
[EventType "swiss"]
[EventRounds "7"]
[EventCountry "MKD"]
[SourceTitle "CBM 186 Extra"]
[Source "ChessBase"]
[SourceDate "2018.08.24"]
[SourceVersion "1"]
[SourceVersionDate "2018.08.24"]
[SourceQuality "1"]

1. e4 c5 2. Nf3 d6 3. d4 cxd4 4. Nxd4 Nf6 5. Nc3 g6 6. Be3 Bg7 7. f3 0-0 8. Qd2 Nc6 9. 0-0-0 Nxd4 10. Bxd4 Be6 11. Kb1 Re8 12. Rc1 Qa5 13. h4 Rac8 14. g4 Rxc3 15. a3 Rxa3 16. Qxa5 Rxa5 17. h5 Ba2+ 18. Ka1 Bc4+ 19. Kb1 Bxf1 20. Rcxf1 Nxe4 21. fxe4 Bxd4 22. hxg6 hxg6 23. c3 Bf6 24. Kc2 Rc8 25. Kd3 Ra2 26. Rh2 Bxc3 27. Rc1 Kg7 28. Rxc3 Rxc3+ 29. Kxc3 Ra1 30. Kd4 Rg1 31. Rc2 Rxg4 32. Rc7 Kf6 33. Rxb7 Rg2 34. b3 Ra2 35. b4 g5 36. b5 g4 37. Rc7 g3 38. Rc1 Rb2 39. Kc4 Ke5 40. Re1 Kf4 41. Rg1 Kf3 42. e5 g2 43. exd6 exd6 44. Kc3 Rf2 45. Kc4 Rf1 46. Kd5 Rxg1 47. Kc6 Rc1+ 48. Kb7 g1Q 49. Ka8 Qc5 50. b6 Qc8+ 51. Kxa7 Ra1# 0-1

[Event "FRM-ch U10"]
[Site "Struga"]
[Date "2018.06.14"]
[Round "6"]
[White "Cvetkovski, Gjorgji"]
[Black "Lazovski, Kristijan"]
[Result "1-0"]
[WhiteElo "1209"]
[BlackElo "1034"]
[PlyCount "111"]
[EventDate "2018.06.09"]
[EventType "swiss"]
[EventRounds "6"]
[EventCountry "MKD"]
[SourceTitle "CBM 185 Extra"]
[Source "ChessBase"]
[SourceDate "2018.07.29"]
[SourceVersion "1"]
[SourceVersionDate "2018.07.29"]
[SourceQuality "1"]

1. e4 c5 2. Nf3 d6 3. Bb5+ Bd7 4. Bxd7+ Qxd7 5. 0-0 Nc6 6. Re1 Nf6 7. Nc3 e6 8. d4 cxd4 9. Nxd4 Be7 10. b3 0-0 11. Bb2 Rfc8 12. Qd2 Qd8 13. Rad1 h6 14. Ndb5 Ne8 15. Ba3 a6 16. Nxd6 Rc7 17. Nxe8 Qxd2 18. Rxd2 Rxe8 19. Bxe7 Nxe7 20. Ne2 Rec8 21. c4 a5 22. Red1 Nc6 23. Nd4 Na7 24. Kf1 Rc5 25. Nf3 Kh7 26. Rd7 R5c7 27. Ne5 f6 28. Rxc7 Rxc7 29. Nf3 a4 30. Ke2 Kg6 31. Nd4 Kf7 32. Ke3 Rd7 33. Rd3 Ke7 34. Nf3 Rxd3+ 35. Kxd3 axb3 36. axb3 e5 37. c5 Kd7 38. Kc4 Kc6 39. b4 Nb5 40. h3 g5 41. g4 Nc7 42. h4 Nb5 43. hxg5 hxg5 44. Nd2 Nd4 45. Nb3 Nxb3 46. Kxb3 Kb5 47. f3 Kc6 48. Kc4 Kc7 49. Kd5 Kd7 50. b5 Ke7 51. c6 b6 52. c7 Kd7 53. c8Q+ Kxc8 54. Kc6 Kb8 55. Kxb6 Ka8 56. Kc7 1-0